000
00317nam a22001337a 4500
003
OSt
008
250128b |||||||| |||| 00| 0 eng d
041
_a
eng
100
_a
Gite, LP
_9
5437
245
_a
Sowing and Fertilizer Application Equipment of India
260
_c
1981.
700
_a
Patra, SK
_9
7011
942
_c
BK
999
_c
19160
_d
19160